El caso Organa /

Guardado en:
Detalles Bibliográficos
Autor principal: West, Morris (autor)
Formato: Libro
Idioma:Español
Publicado: Barcelona, España : Pomaire, 1957, c1957
Colección:(Grandes Novelas de Hoy Pomaire) [s.n.]
Temas:
Etiquetas: Agrega una etiqueta
Sin etiquetas, Sé el primero en etiquetar este registro!

MARC

LEADER 00000nam^a2200000^a^4500
001 000002957
005 20250521000000.0
009 20260310083209.37
037 |a Acervo ITESO - Biblioteca 
041 |a ESP 
082 |a 823.  |b WES 
100 |a West, Morris  |e (autor) 
245 1 3 |a El caso Organa /  |c M. West. 
264 4 |a Barcelona, España :  |b Pomaire,  |c 1957, c1957 
300 |a 246 p. 
336 |a texto  |b txt  |2 rdacontenido 
337 |a sin mediación  |b n  |2 rdamedio 
338 |a volumen  |b nc  |2 rdasoporte 
440 1 |a (Grandes Novelas de Hoy Pomaire) [s.n.] 
500 |a Traducción de: The Big Story 
649 |a XX 
650 |a Novela Australiana 
650 |a Literatura Australiana -  |y Siglo XX 
910 |a Fondo General 
920 |a Impresos - Libros 
930 |a Colección General 
940 |a Literatura 
905 |a 101 
901 |a 0029570100  |b IT1  |c LIT  |i 002957  |u 20250521 
902 |a https://opac.biblio.iteso.mx/vufind/Record/000002957